000
00291nam a2200133Ia 4500
003
OSt
005
20240210122605.0
008
170524s9999 xx 000 0 und d
020
_a
8170296897
040
_c
IIMT UNIVERSITY
100
_a
TAXALI- R.K.
245
0
_a
FOX PRO 2.5
942
_2
ddc
_c
02
999
_c
3586
_d
3586